MARC

LEADER 00000nam0a2200000 4500
001 312626
005 20231102002513.0
035 |a (RuTPU)RU\TPU\book\337995 
090 |a 312626 
100 |a 20151225d1982 km y0rusy50 ca 
101 0 |a rus 
102 |a RU 
105 |a a z 001zy 
200 1 |a Лазеры в самолетостроении  |f Е. Т. Вагнер 
210 |a Москва  |c Машиностроение  |d 1982 
215 |a 184 с.  |c ил. 
320 |a Библиогр.: с. 181-183 
606 1 |a Генераторы квантовые  |x Применение в самолетостроении  |2 stltpush  |3 (RuTPU)RU\TPU\subj\5730  |9 33737 
610 1 |a лазеры 
610 1 |a лазерная техника 
610 1 |a лазерные интерферометры 
610 1 |a лазерные измерения 
610 1 |a лазерные измерительные системы 
610 1 |a монтаж 
610 1 |a сборка 
610 1 |a погрешности 
675 |a 629.79.002  |v 4 
700 1 |a Вагнер  |b Е. Т.  |g Евгений Трофимович 
801 1 |a RU  |b 63413507  |c 20151225 
801 2 |a RU  |b 63413507  |c 20191112  |g RCR 
942 |c BK